2024 NASCAR Cup Series States - Statistics

General Stats
  • This quiz has been taken 64 times
  • The average score is 17 of 20
Answers on the Map
Answers color-coded by a green-red scale on the quiz's map according to % correct below.
 
Answer Stats
State % Correct
California
100%
Texas
100%
Arizona
98%
Florida
98%
Tennessee
93%
Nevada
91%
North Carolina
91%
Georgia
89%
New York
89%
Virginia
89%
Alabama
87%
Michigan
87%
South Carolina
87%
Illinois
84%
Indiana
84%
Kansas
80%
Pennsylvania
78%
Iowa
76%
Delaware
69%
New Hampshire
69%
No matching quizzes found
Score Distribution
Percent of People with Each Score
Percentile by Number Answered
Your Score History
You have not taken this quiz